Estadísticas para OXOÀCIDS en català

Haz click aquí para intentar la prueba.

Estadísticas generales

  • Esta prueba ha sido intentada 8 veces
  • La puntuación promedio es 22 de 32

Estadísticas de respuestas

HintRespuesta% Correcto
HClO2àcid clorós
100%
HClOàcid hipoclorós
100%
HBrO3àcid bròmic
80%
HBrO2àcid bromós
80%
HClO3àcid clòric
80%
HBrOàcid hipobromós
80%
HIOàcid hipoiodòs
80%
HIO3àcid iòdic
80%
HIO2àcid iodòs
80%
HNO3àcid nítric
80%
HNO2àcid nitrós
80%
HBrO4àcid perbròmic
80%
HClO4àcid perclòric
80%
HIO4àcid periòdic
80%
H2SO4àcid sulfúric
80%
H2SO3àcid sulfurós
80%
H3AsO4àcid arsènic
60%
H3AsO3àcid arseniós
60%
H3BO3àcid bòric
60%
H2CO3àcid carbònic
60%
H2CrO4àcid cròmic
60%
H2CrO7àcid dicròmic
60%
H4P2O7àcid difosfòric
60%
H3PO4àcid fosfòric
60%
H2MnO4àcid mangànic
60%
H2SiO3àcid metasilícic
60%
HMnO4àcid permangànic
60%
H2SeO4àcid selènic
60%
H2SeO3àcid seleniós
60%
H4SiO4àcid silícic
60%
H2SO7àcid disulfúric
40%
H2SO5àcid disulfurós
40%

Distribución de puntuación

Porcentaje por número respondido

Porcentaje de gente con cada puntuación

Historial de tus puntuaciones

No has intentado esta prueba.